Vista normal
Vista MARC
Entrada Materia (personas)
Número de registros utilizados en: 1
001 - CONTROL NUMBER
- control field: 36325
003 - CONTROL NUMBER IDENTIFIER
- control field: Co-BoUCM
005 - DATE AND TIME OF LATEST TRANSACTION
- control field: 20130424174018.0
008 - FIXED-LENGTH DATA ELEMENTS
- fixed length control field: 130424|| aca||aabn | a|a d
040 ## - CATALOGING SOURCE
- Original cataloging agency: Co-BoUCM
- Transcribing agency: Co-BoUCM
100 ## - HEADING--PERSONAL NAME
- Personal name: Arteaga y Alemparte, Domingo
- Dates associated with a name: 1835-1880
670 ## - SOURCE DATA FOUND
- Source citation: Work cat.: (Co-BoUCM)67015: Arteaga y Alemparte, Justo 1834-1882 36324, Los constituyentes de 1870, 1910